Vista normal
Vista MARC
- Leyton Gómez, Asunción
Entrada Nombre de persona
Número de registros utilizados en: 2
001 - NÚMERO DE CONTROL
- campo de control: 84
003 - IDENTIFICADOR DEL NÚMERO DE CONTROL
- campo de control: ES-MaFIAP
005 - FECHA Y HORA DE LA ÚLTIMA TRANSACCIÓN
- campo de control: 20220909114050.0
008 - DATOS DE LONGITUD FIJA
- campo de control de longitud fija: 220909|| aca||aabn | a|a d
040 ## - FUENTE DE LA CATALOGACIÓN
- Centro catalogador/agencia de origen: ES-MaFIAP
- Centro/agencia transcriptor: ES-MaFIAP
100 ## - ENCABEZAMIENTO-NOMBRE DE PERSONA
- Nombre de persona: Leyton Gómez, Asunción
670 ## - FUENTE DE DATOS ENCONTRADOS
- Cita de la fuente: Work cat.: (ES-MaFIAP)21: Conferencia Nacional de Personas Sordociegas ( 2. 1991. Madrid) 81, II Conferencia Nacional de Personas Sordociegas : , D.L. 1992





